000 00728nam a22002413u 4500
001 DHIM2022092114050030
003 RU-10907106
005 20221117130609.0
008 220921b2022 |||||||| |||| 00| 0 rus d
020 _9978-5-00180-696-7
_a9785001806967
040 _aRU-10907106
_bger
_cRU-10907106
245 1 _aPavel Fitin
_bNačal'nik razvedki
_cavtor-sostavitel' A. I. Kolpakidi
264 1 _aMoskva :
_bRodina,
_c2022
300 _a272 Seiten
490 1 _aSovetskij vek
600 _aFitin, Pavel Michajlovič
_916507
648 _a1939-1946
_916508
650 _aAbwehr
_913277
650 _aSpion
_98283
651 _aSowjetunion
700 _4edt
_aKolpakidi, Aleksandr Ivanovič
_eeditor
_914920
942 _2z
_cMG
999 _c60724
_d60724